000 01660nam a2200241Ia 4500
008 0000002009 usad 0000000000eng00
020 _a9780892073900
090 _aPRU00 K15k
245 1 0 _aKandinsky
_c/ Vivian Endicott Barnett ...[et al.]
300 _a319 p.
_c/ 26 cm.
500 _aExposición realizada en Stadtische Galerie im Lenbachhous und Kunstbau, Munich, octubre 25, 2008 Marzo 8, 2009; Centre Pompidou, Paris, abril 8 agosto 10, 2009; Salomon r. Guggenheim Museum, New York, septiembre 18, 2009 enero 13, 2010 \ Proyecto Ganador Programa Apoyos Concertados FGAA 2010
501 _aVasily Kandinsky: abstract, absolute concrete / Anngret Hoberg The artist reinvents himself, changes, crises, turning points / Vivian Endicott Barnett The theater of pictures Kandinsky's abstraction of abstraction / Matthias Haldemann Kandinsky and the Cahiers d'art, 192744 / Christian Derouet Kandinsky and America in General / Tracey Bashkoff Kandinsky's materials and techniques: a preliminary study of five paintings / Gillian Mcm.illan and Vanessa Kowalski
600 0 0 _aKANDINSKY, BASILIO, 18661944 CRITICA E INTERPRETACION \ KANDINSKY, BASILIO, 18661944/
_xTRABAJOS PICTORICOS
650 1 4 _aARTE CONTEMPORANEO RUSO
650 1 4 _aARTISTAS PLASTICOS RUSOS
650 1 4 _xCATALOGOS
650 1 4 _xEXPOSICIONES
650 1 4 _aPINTORES RUSOS
650 1 4 _aPINTURA ABSTRACTA
650 1 4 _aPINTURA RUSA
700 1 _aEndicott Barnett, Vivian \ Bashkoff, Tracey \ Hoberg, Annegret \ Haldemann, Matthias \ Derouet, Christian \ Mcm.illan, Gillian \ Kowalski, Vanessa
999 _c11270
_d11270
260 _aNew York : Solomon R. Guggenheim Museum
_c2009